000 00676cam a22002533a 4500
001 36588
003 PGUSA
005 20140828083807.0
008 110703s2011||||xxu|||||s|||||000 1 eng d
040 _aPGUSA
_beng
042 _adc
050 4 _aPR
100 1 _aMitford, Bertram,
_d1855-1914
245 1 4 _aThe Red Derelict
_h[electronic resource] /
_cBertram Mitford
260 _bProject Gutenberg,
_c2011
506 _aPublic domain in the USA.
516 _aElectronic text
653 _aLove stories
653 _aAdventure stories
653 _aFiction
830 0 _aProject Gutenberg
_v36588
856 4 0 _uhttp://www.gutenberg.org/ebooks/36588
942 _cEB
999 _c265843
_d265843